[Event "RUS-chT Premier League 2018"]
[Site "Sochi"]
[Date "2018.05.04"]
[Round "4"]
[White "Faizrakhmanov, Ramil"]
[Black "Saveliev, Alexei"]
[Result "1/2-1/2"]
[WhiteElo "2426"]
[BlackElo "2354"]
[Annotator "TA"]
[PlyCount "82"]
[EventDate "2018.??.??"]
[EventCountry "RUS"]
[SourceTitle "playchess.com"]
[Source "ChessBase"]
[SourceQuality "1"]

{[%evp 22,82,20,19,38,33,27,19,57,50,79,57,80,69,77,58,88,55,68,88,75,65,77,43,60,37,47,44,38,27,85,49,489,0,0,0,38,34,64,14,47,38,44,40,38,17,12,19,8,-21,-18,-8,3,3,3,2,2,3,13,4,27,28,37]} 1. d4 Nf6 2. c4 e6 3. Nf3 b6 4. g3 Ba6 5. b3 Bb4+ 6. Bd2 Be7 7. Nc3 d5 8. cxd5 exd5 9. Bg2 O-O 10. O-O Bb7 11. Bc1 Na6 12. Bb2 Qc8 {E17: Queen's Indian: 4 g3 Bb7 5 Bg2 Be7} (12... Re8 13. Rc1 c5 14. e3 Ne4 15. Re1 Bf6 16. Ne5 Nxc3 17. Bxc3 cxd4 18. exd4 Nc7 19. Bb2 Nb5 20. Bh3 Nd6 21. Nc6 Bxc6 22. Rxc6 Rxe1+ 23. Qxe1 {½-½ (59) Yu,Y (2760)-Liang,A (2572) chess.com INT 2018}) 13. Rc1 Qe6 $146 ({Predecessor:} 13... c5 14. e3 Rd8 15. Ne2 Ne4 16. Nf4 Bd6 17. a3 Nc7 18. Qc2 Ne6 19. Bh3 Bxf4 20. gxf4 {0-1 (37) Malakhatko,V (2612)-Jumabayev,R (2442) Zvenigorod 2008}) 14. e3 h6 {The position is equal.} 15. Ne5 Rfd8 16. Ne2 Bf8 17. Nf4 Qe8 18. Qc2 c5 19. dxc5 bxc5 20. Rfd1 Rab8 21. Qe2 $36 {[%mdl 2048] White is pushing.} Nb4 $1 22. Ned3 (22. a3 {is more complex.} Na6 23. h4 Rd6 24. Qc2 Qe7 25. Bf3) 22... Nxd3 23. Qxd3 {Threatens to win with Bxf6.} Ne4 $1 24. Qe2 a5 25. Qh5 {[%cal Rf4d5]} Qc6 (25... a4 $11) 26. Nd3 Ba6 $2 {[%mdl 8192] [#]} ({Black should try} 26... a4 $14) 27. Ne5 $2 (27. Qxf7+ $1 $18 {[%mdl 512]} Kxf7 28. Ne5+ Ke8 29. Nxc6) 27... Qe6 $11 28. Qh3 Qf6 29. f3 {[%cal Bf2f3,Bf3f4][%mdl 32]} Ng5 {[%cal Be4g5,Bg5h7,Bh7f6,Bf6g4][%mdl 32]} 30. Qh4 {Black must now prevent f4.} Bb7 31. f4 Nh7 32. Qxf6 Nxf6 33. Nd3 Ng4 34. Nxc5 Nxe3 35. Rd3 (35. Nxb7 {is interesting.} Rxb7 36. Rd4 Nxg2 37. Kxg2 Ra8 38. Ra4) 35... Nxg2 36. Kxg2 Bxc5 (36... Bc8 {keeps more tension.} 37. Be5 Rb5 38. Bd4 Bf5 39. Rdc3 Rb4) 37. Rxc5 Rbc8 38. Rxc8 Rxc8 39. Rd2 f6 40. Kf2 Kf7 41. Ke3 Ke6 {Precision: White = 50%, Black = 41%.} 1/2-1/2

[Event "RUS-chT Premier League 2018"]
[Site "Sochi"]
[Date "2018.05.04"]
[Round "4"]
[White "Drygalov, Sergey"]
[Black "Pogorelskikh, Sergey"]
[Result "1-0"]
[WhiteElo "2421"]
[BlackElo "2153"]
[Annotator "TA"]
[PlyCount "123"]
[EventDate "2018.??.??"]
[EventCountry "RUS"]
[SourceTitle "playchess.com"]
[Source "ChessBase"]
[SourceQuality "1"]

{[%evp 17,123,34,39,22,30,30,28,26,21,23,21,24,25,14,30,18,40,0,9,0,15,11,20,4,8,0,0,0,26,23,20,21,25,22,38,41,41,38,41,41,60,45,60,52,52,54,53,53,52,60,94,94,94,94,91,0,97,103,157,157,157,157,157,157,157,157,157,0,157,150,150,150,194,203,207,197,243,215,203,204,243,243,243,243,249,175,241,249,248,247,242,103,147,204,223,229,191,130,144,152,464,395,803,829,808,804,650,335]} 1. e4 e5 2. Nf3 Nc6 3. Bc4 Nf6 4. d3 Be7 5. c3 O-O 6. O-O d6 7. Bb3 h6 8. Nbd2 Nh7 9. Nc4 Ng5 {LiveBook: 29 Games. C55: Two Knights: 4 d3, 4 d4 exd4 5 e5 and Max Lange Attack} 10. Ne3 (10. Nxg5 hxg5 11. Qh5 Be6 12. Ne3 Bxb3 13. axb3 f6 14. h4 Qe8 15. Qg4 Qc8 16. Nf5 g6 17. Nxe7+ Nxe7 18. Qxc8 Rfxc8 19. hxg5 {½-½ (57) Radjabov,T (2761)-Aronian,L (2750) Nice 2009}) 10... Nxf3+ 11. Qxf3 Bg5 {White has an edge.} 12. Rd1 $146 ({Predecessor:} 12. Nd5 Bxc1 13. Raxc1 Ne7 14. d4 Nxd5 15. exd5 Re8 16. Rfe1 Qg5 17. Qg3 {½-½ (28) Iuldachev,S (2550)-Thipsay,P (2469) Lucknow 2004}) 12... Be6 13. Bc2 Qf6 14. Qxf6 Bxf6 15. b4 Ne7 {[%cal Bc6e7,Be7f5,Bf5h4][%mdl 32]} 16. a4 Bg5 17. Ba3 Bxe3 18. fxe3 f5 19. exf5 Nxf5 20. Re1 Nh4 21. Rf1 Rxf1+ 22. Rxf1 Rf8 23. Rxf8+ Kxf8 $11 {[%mdl 4096] Endgame KBB-KBN} 24. Kf2 Kf7 25. a5 a6 26. e4 Ng6 27. Ke3 Kf6 28. Bd1 Nf4 29. g3 Ng6 30. Be2 Bd7 31. d4 Ke7 32. d5 Nf8 33. c4 {[%cal Bc3c4,Bc4c5][%mdl 32]} Bc8 34. c5 Nd7 35. Bg4 {Threatens to win with c6.} Kd8 36. Be2 (36. cxd6 $16 cxd6 37. b5) 36... Nb8 (36... Ke7 $1 $11) 37. b5 $16 dxc5 ({Black should play} 37... Ke7) 38. Bxc5 {Strongly threatening bxa6.} Nd7 39. bxa6 $1 bxa6 40. Bb4 g6 41. Kd3 Ke8 42. Ke3 $2 (42. h4 $16) 42... h5 $2 ({Better is} 42... Kd8 $1 $11) 43. Bc3 Ke7 44. Bf1 g5 45. Be2 g4 46. Bb4+ Kf6 47. Bd1 Nb8 48. Bc5 Nd7 {[#]} 49. Ba3 $1 Nb8 50. Be2 Nd7 51. Bd3 Nb8 (51... Kf7 $142 52. Bc4 Kf6) 52. Kd2 $18 Nd7 53. Kc3 Kf7 54. Bc2 (54. Kb4 $18 {and White stays clearly on top.}) 54... Bb7 55. Ba4 (55. Kc4 $16) 55... Nf6 56. Kd3 Nh7 {[#]} 57. Bc1 $1 Ke7 58. Kc4 Nf8 $2 (58... Nf6 $16 {is more resistant.}) 59. Bg5+ Kf7 $2 (59... Kd6 60. Bc1 Ke7 61. Bg5+ Kd6) 60. Bd8 {White is clearly winning.} Nh7 61. Bxc7 Ng5 62. d6 {Precision: White = 69%, Black = 53%.} 1-0

[Event "RUS-chT Premier League 2018"]
[Site "Sochi"]
[Date "2018.05.04"]
[Round "4"]
[White "Palachev, Petr"]
[Black "Looshnikov, Nikolai"]
[Result "1-0"]
[WhiteElo "2395"]
[BlackElo "2435"]
[Annotator "TA"]
[PlyCount "67"]
[EventDate "2018.??.??"]
[EventCountry "RUS"]
[SourceTitle "playchess.com"]
[Source "ChessBase"]
[SourceQuality "1"]

{[%evp 9,67,19,18,22,29,29,29,32,47,42,40,37,65,64,60,68,69,69,62,61,56,54,70,68,68,66,70,69,69,37,53,57,100,13,86,67,120,125,108,108,112,126,125,133,151,141,183,108,171,146,200,177,288,278,301,304,549,501,2507,2260]} 1. Nf3 d5 2. c4 e6 3. g3 Nf6 4. Bg2 a6 5. b3 Be7 6. O-O {A13: English Opening: 1...e6} O-O 7. Bb2 c6 (7... b5 8. d3 Bb7 9. Nbd2 Nbd7 10. cxd5 Nxd5 11. a3 {0-1 (40) Agrest,E (2593)-Wojtaszek,R (2749) Tallinn 2016}) 8. d4 {White has an edge.} b6 $146 ({Predecessor:} 8... b5 9. Nbd2 Nbd7 10. Qc2 Bb7 11. c5 a5 12. Rfe1 b4 {1-0 (38) Muratovic,E (2336)-Komic,I (2291) Neum 2002}) 9. Nc3 Bb7 10. Nd2 c5 11. dxc5 Bxc5 12. cxd5 exd5 13. Nf3 Re8 14. Rc1 Nbd7 15. e3 Rc8 16. Ne1 Ne5 17. Nd3 Nxd3 18. Qxd3 Ne4 19. Na4 Qg5 20. Rc2 Qh5 21. Rfc1 {[#]} ({White should play} 21. Bd4 $16) 21... Rcd8 (21... Nxf2 $1 $11 {[%mdl 512] remains equal.} 22. Rxf2 Bxe3 23. Rxc8 Bxc8) 22. Bd4 {[%cal Rd4c5]} Bxd4 (22... Ba3 $1 $14) 23. Qxd4 $16 b5 24. Nc5 Bc8 25. h4 h6 26. Nd3 g5 {[#]} 27. hxg5 $1 hxg5 28. Rc6 (28. Rc7 $18) 28... Bh3 (28... Qh8 $16 {was called for.}) 29. Nb4 g4 (29... Bxg2 $16 30. Kxg2 {[#]} Nxf2 $1 {[%mdl 512]}) 30. Bh1 $18 Qf5 (30... Qh8 {is a better defense.} 31. Qxh8+ (31. Nxa6 Qxd4 32. exd4 Re7 $18) 31... Kxh8 32. Nxa6 (32. Rxa6 d4 $18) 32... d4) 31. Nd3 Re6 32. Nf4 {Threatens to win with Rxe6.} Rxc6 $2 (32... Qf6 {was worth a try.} 33. Rxe6 Qxd4 34. exd4 fxe6 35. Nxe6 Rd6) 33. Rxc6 Rd6 (33... Re8 $142 34. Rxa6 b4) 34. Bxe4 {Precision: White = 77%, Black = 37%.} 1-0

[Event "RUS-chT Premier League 2018"]
[Site "Sochi"]
[Date "2018.05.04"]
[Round "4"]
[White "Natacheev, Peter"]
[Black "Gutenev, Alexander"]
[Result "1/2-1/2"]
[WhiteElo "2243"]
[BlackElo "2482"]
[Annotator "TA"]
[PlyCount "75"]
[EventDate "2018.??.??"]
[EventCountry "RUS"]
[SourceTitle "playchess.com"]
[Source "ChessBase"]
[SourceQuality "1"]

{[%evp 19,75,6,6,5,7,-8,0,0,0,7,7,12,29,18,20,14,11,13,7,-10,-2,-14,-14,-29,93,86,82,75,76,71,72,0,0,0,0,0,43,1,33,43,33,41,55,15,36,0,0,0,0,0,0,0,0,0,0,0,0,0]} 1. d4 Nf6 2. Nf3 g6 3. Bg5 Bg7 4. Nbd2 d5 5. e3 O-O 6. Bd3 b6 7. O-O Bb7 8. c3 c5 9. Ne5 {D03: 1 d4 d5 2 Nf3 Nf6 3 Bg5, including Torre Attack with early ...d5} (9. h3 Nc6 10. Qe2 Re8 11. dxc5 bxc5 12. e4 h6 13. Bh4 g5 14. Bg3 e6 15. Rfe1 Qb6 16. Rab1 Rad8 {1-0 (43) Kramnik,V (2808)-Vachier Lagrave,M (2796) Leuven 2017}) 9... Nfd7 10. Nxd7 Qxd7 {LiveBook: 3 Games} 11. f4 e6 $146 ({Predecessor:} 11... Ba6 12. Bxa6 Nxa6 13. Nf3 Nc7 14. Bh4 Qe6 15. Qd3 c4 16. Qe2 f5 {0-1 (55) Nikolaev,N (2305)-Sivokho,S (2478) St Petersburg 2001}) 12. Nf3 f6 13. Bh4 {[%cal Bg5h4,Bh4f2,Bf2c5][%mdl 32]} Nc6 14. dxc5 bxc5 15. e4 Bh6 16. exd5 exd5 17. Bf2 Bxf4 18. Bxc5 Bd6 19. Bf2 Ne5 20. Be2 Ng4 21. Bd4 Bf4 (21... Rae8 $11 {keeps the balance.}) 22. Ne1 Be3+ 23. Kh1 Bxd4 24. Bxg4 f5 25. Bxf5 (25. Qxd4 $16 fxg4 26. Nd3) 25... Rxf5 26. Rxf5 Qxf5 {[%cal Rf5f1] [#]} 27. Qxd4 Qf1+ 28. Qg1 Qb5 29. Nf3 d4 $1 30. Qxd4 {Black must now prevent c4.} ({Much worse is} 30. Nxd4 Qxb2 31. Rf1 Qxc3 $15) 30... Qxb2 31. Re1 {[#] Re7 is the strong threat.} Rf8 32. Kg1 Bxf3 {The position is equal.} 33. gxf3 Qxa2 $11 {KQR-KQR} 34. Re7 {[%csl Ge7][%cal Rd4g7]} Rf7 35. Re8+ Rf8 36. Re7 {[%csl Ge7][%cal Rd4g7]} Rf7 37. Re8+ Rf8 38. Re7 {Precision: White = 65%, Black = 65%.} 1/2-1/2

[Event "RUS-chT Premier League 2018"]
[Site "Sochi"]
[Date "2018.05.04"]
[Round "4"]
[White "Vdovin, Maxim"]
[Black "Yumakhuzhin, Vadim"]
[Result "0-1"]
[WhiteElo "2139"]
[BlackElo "2184"]
[Annotator "NA"]
[PlyCount "80"]
[EventDate "2018.??.??"]
[EventCountry "RUS"]
[SourceTitle "playchess.com"]
[Source "ChessBase"]
[SourceQuality "1"]
[TimeControl "40/5400+30:1800+30"]

1. d4 {[%emt 0:00:00]} Nf6 {[%emt 0:00:07]} 2. Nf3 {[%emt 0:00:00]} g6 {[%emt 0:00:07]} 3. c4 {[%emt 0:00:00]} Bg7 {[%emt 0:00:06]} 4. g3 {[%emt 0:00:00]} O-O {[%emt 0:00:09]} 5. Bg2 {[%emt 0:00:00]} d6 {[%emt 0:00:07]} 6. O-O {[%emt 0:00:06]} Nc6 {[%emt 0:00:11]} 7. Nc3 {[%emt 0:02:49]} Bf5 {[%emt 0:03:54]} 8. Re1 {[%emt 0:02:00]} e5 {[%emt 0:03:37] E62: King's Indian: Fianchetto: 6...c6 and Panno Variation (6...Nc6) without ...a6} 9. d5 {[%emt 0:02:23]} Ne7 {[%emt 0:02:17]} 10. e4 {[%emt 0:00:24]} Bd7 {[%emt 0:02:36]} 11. Rb1 {[%emt 0:03:24]} a5 {[%emt 0:04:05]} 12. c5 $146 {[%emt 0:04:06]} ({Predecessor:} 12. a3 Ne8 13. b4 axb4 14. axb4 h6 15. c5 f5 16. Nd2 f4 {½-½ (37) Mamedjarova,Z (2349)-Dembo,Y (2396) Mallorca 2004}) 12... Ne8 {[%emt 0:03:23]} 13. Be3 {[%emt 0:01:04]} h6 {[%emt 0:13:09]} 14. Qc1 {[%emt 0:02:03]} Kh7 {[%emt 0:01:06]} 15. b4 {[%emt 0:01:11]} a4 {[%emt 0:06:37]} 16. Nd2 {[%emt 0:01:00]} f5 {[%emt 0:02:22]} 17. f4 {[%emt 0:02:58]} (17. f3 $14) 17... fxe4 {[%emt 0:05:52]} (17... exf4 $15 {keeps the upper hand.} 18. gxf4 (18. Bxf4 g5 $11) 18... fxe4 19. Ndxe4 Bf5) 18. Ndxe4 {[%emt 0:08:23]} Nf5 {[%emt 0:02:38]} 19. Bf2 {[%emt 0:03:18]} exf4 {[%emt 0:03:29]} 20. Qxf4 {[%emt 0:00:20]} Be5 {[%emt 0:04:22]} 21. Qd2 {[%emt 0:00:16]} Nf6 {[%emt 0:00:50]} 22. Nxf6+ {[%emt 0:09:05]} Qxf6 {[%emt 0:00:30]} 23. Ne4 {[%emt 0:00:04]} Qg7 {[%emt 0:03:17]} 24. c6 {[%emt 0:14:48]} bxc6 {[%emt 0:06:46]} 25. dxc6 {[%emt 0:00:04]} Be6 $14 {[%emt 0:00:58]} 26. b5 {[%emt 0:00:55]} Nd4 {[%emt 0:05:38]} 27. b6 {[%emt 0:01:20]} cxb6 {[%emt 0:02:37]} 28. Rxb6 {[%emt 0:00:29]} Rac8 {[%emt 0:07:33]} 29. Nxd6 {[%emt 0:02:49]} Rxf2 {[%emt 0:00:54]} 30. Qxf2 {[%emt 0:01:55]} Bxd6 {[%emt 0:00:06]} 31. Rb7 {[%emt 0:00:19]} Rc7 {[%emt 0:00:49]} 32. Rd1 {[%emt 0:01:11]} Bc8 {[%emt 0:05:14]} 33. Qxd4 {[%emt 0:02:43]} Be5 {[%emt 0:06:32]} 34. Rxc7 {[%emt 0:02:01]} Bxd4+ {[%emt 0:00:19]} 35. Rxd4 {[%emt 0:00:44]} Qxc7 {[%emt 0:00:07]} 36. Kf2 {[%emt 0:02:09]} Qf7+ {[%emt 0:00:31]} 37. Ke3 {[%emt 0:00:18]} Qxa2 {[%emt 0:00:16]} 38. Bd5 {[%emt 0:02:57]} Qa3+ {[%emt 0:01:32]} 39. Rd3 {[%emt 0:00:24]} Qc5+ {[%emt 0:00:07]} 40. Ke4 {[%emt 0:00:00]} Bf5+ {[%emt 0:00:08]} 0-1

[Event "RUS-chT Premier League 2018"]
[Site "Sochi"]
[Date "2018.05.05"]
[Round "5"]
[White "Vitiugov, Nikita"]
[Black "Kamsky, Gata"]
[Result "1/2-1/2"]
[WhiteElo "2740"]
[BlackElo "2670"]
[Annotator "TA"]
[PlyCount "96"]
[EventDate "2018.??.??"]
[EventCountry "RUS"]
[SourceTitle "playchess.com"]
[Source "ChessBase"]
[SourceQuality "1"]

{[%evp 16,96,30,23,27,19,22,34,46,31,45,44,34,26,29,0,0,0,17,0,42,43,58,12,73,42,29,21,62,51,61,52,60,58,55,59,40,47,48,59,54,40,49,42,41,41,42,41,42,42,64,60,57,46,30,39,54,8,13,7,7,3,3,0,18,8,20,8,8,0,0,0,0,0,0,0,0,0,8,8,8,8,8]} 1. e4 c5 2. Nf3 d6 3. d4 cxd4 4. Nxd4 Nf6 5. Nc3 a6 6. Qd3 {B90: Sicilian Najdorf: Unusual White 6th moves, 6 Be3 Ng4 and 6 Be3 e5} (6. f3 e5 7. Nb3 Be6 8. Be3 Be7 9. Qd2 Nbd7 10. g4 O-O 11. g5 Nh5 12. O-O-O b5 13. Nd5 Bxd5 14. exd5 f6 15. gxf6 Bxf6 16. Kb1 Nf4 17. Rg1 Kh8 18. Bd3 Bg5 19. Na5 Bh6 20. Nc6 Qh4 21. Qb4 {½-½ (49) Caruana,F (2784)-Mamedyarov,S (2809) Berlin 2018}) 6... Nbd7 7. Be2 g6 8. Bg5 Bg7 9. O-O-O {LiveBook: 7 Games} h6 10. Bh4 {[%cal Bg5h4,Bh4f2,Bf2d4][%mdl 32]} O-O 11. f4 e5 {[#] Strongly threatening ...Nc5.} 12. Nb3 exf4 13. Qxd6 Qe8 14. Rhe1 $146 (14. Bxf6 {with more complications.} Bxf6 15. Nd5 Be5 16. Qb4 Nf6 17. Rhe1) 14... Qe5 15. Bf2 Qxd6 16. Rxd6 Re8 17. Bf3 g5 18. Bd4 Ne5 19. Nc5 Bg4 (19... Nfg4 $11 {keeps the balance.}) 20. Bxe5 ({Don't play} 20. Nxb7 Bxf3 21. Bxe5 Bxe4 $17) (20. Rd1 $5) 20... Rxe5 21. Nd3 Re6 22. Rxe6 $1 Bxe6 23. e5 Ng4 24. h3 Ne3 25. g3 $1 Bc4 26. gxf4 gxf4 27. Nxf4 Bxe5 28. Nfd5 Nxd5 29. Nxd5 Bxd5 30. Bxd5 $14 {[%mdl 4096] Endgame KRB-KRB} Re8 31. Rg1+ Kf8 32. Bxb7 Bxb2+ 33. Kxb2 {KRB-KR} Rb8 34. c4 Rxb7+ {KR-KR} 35. Kc3 Ke7 36. Rd1 f5 {The position is equal.} 37. c5 Rb5 38. Kc4 Rb2 39. a4 Rc2+ 40. Kd5 Kd7 $1 41. Rg1 {next Rg7+ is good for White.} Rd2+ 42. Ke5 Kc6 43. Rg6+ Kxc5 44. Rxa6 Rd5+ 45. Kf4 Rd4+ 46. Kg3 h5 47. Ra5+ Kd6 48. Rxf5 h4+ {Precision: White = 54%, Black = 67%.} 1/2-1/2

[Event "RUS-chT Premier League 2018"]
[Site "Sochi"]
[Date "2018.05.05"]
[Round "5"]
[White "Tomashevsky, Evgeny"]
[Black "Ponkratov, Pavel"]
[Result "0-1"]
[WhiteElo "2714"]
[BlackElo "2601"]
[Annotator "TA"]
[PlyCount "132"]
[EventDate "2018.??.??"]
[EventCountry "RUS"]
[SourceTitle "playchess.com"]
[Source "ChessBase"]
[SourceQuality "1"]

{[%evp 23,132,21,31,-5,6,6,2,0,0,7,29,17,10,10,10,8,11,1,8,0,0,-16,0,-65,-62,-75,-56,-63,-41,-166,-165,-157,-176,-170,-175,-188,-175,-272,-191,-213,-205,-203,-191,-215,-98,-105,-103,-155,-137,-136,-131,-200,-203,-202,-199,-202,-205,-210,-206,-206,-208,-250,-259,-256,-252,-242,-237,-258,-258,-266,-266,-265,-262,-270,-265,-268,-268,-268,-268,-252,-255,-256,-258,-253,-250,-266,-227,-229,-208,-270,-273,-280,-273,-259,-259,-301,-254,-277,-277,-277,-277,-260,-258,-255,-254,-351,-321,-393,-393,-448,-437]} 1. d4 Nf6 2. Nf3 e6 3. c4 b6 4. g3 Bb7 5. Bg2 Be7 6. O-O O-O 7. Re1 d5 8. cxd5 exd5 9. Nc3 Nbd7 10. b3 {E17: Queen's Indian: 4 g3 Bb7 5 Bg2 Be7} (10. Bf4 c5 11. dxc5 Nxc5 12. Rc1 Nfe4 13. Nb5 Ne6 14. Be5 Bc5 15. e3 Re8 16. a3 a5 17. h4 h6 18. Nd2 Nxd2 19. Qxd2 Qd7 20. Nd4 {½-½ (64) Jumabayev,R (2612)-Anton Guijarro,D (2666) Riadh 2017}) 10... Re8 11. Bb2 Bd6 12. Rc1 a6 {LiveBook: 6 Games} 13. Rc2 Rc8 $146 ({Predecessor:} 13... Rb8 14. Qc1 Qe7 {½-½ (14) Szabo,A (2332)-Galyas,M (2436) Aggtelek 2004}) 14. e3 Qe7 15. Ne2 {[%cal Bc3e2,Be2f4,Bf4d3][%mdl 32]} Ne4 16. Nf4 Ndf6 17. Nd3 a5 18. Nfe5 c5 19. a4 Ba6 {[%cal Bb7a6,Ba6b5,Bb5a4][%mdl 32]} 20. Nf4 Qb7 21. Qb1 b5 22. axb5 Bxb5 23. Rec1 ({White should try} 23. Qa1 $11) 23... a4 $1 $15 {[%cal Ra4b3]} 24. bxa4 Bxa4 25. Re2 $1 Rb8 26. f3 ({Better is} 26. Qa1 $15 Bb5 27. Ree1) 26... cxd4 $1 $19 27. exd4 Bxe5 $1 28. dxe5 Qb6+ 29. Kh1 Nf2+ 30. Kg1 (30. Rxf2 {is the only way for White.} Qxf2 31. Nd3) 30... Nd3+ 31. Kh1 Nxc1 ({But not} 31... Nxb2 32. exf6 Rxe2 33. Nxe2 $15) 32. Qxc1 Nd7 {[%cal Bf6d7,Bd7c5,Bc5d3][%mdl 32]} 33. Nxd5 {[#]} Qc5 (33... Qb3 $1 $19 {[%cal Rb3d5] has better winning chances.} 34. f4 {[#]} Nc5 $1 {[%mdl 512]}) 34. Qxc5 Nxc5 35. h4 ({White should play} 35. f4) 35... Nd3 36. Bc3 Bb3 $36 {[%mdl 2048] Black is in control.} 37. Rd2 (37. f4 $17) 37... Nxe5 ({Don't take} 37... Bxd5 38. Rxd3 Rb3 39. Rxd5 $17) 38. Nc7 Re7 39. Na6 Rc8 40. Nc5 Bc4 41. Ne4 {Threatening Nd6.} Ba6 42. Ra2 Bb7 43. Bxe5 Rxe5 44. Nd6 Bd5 45. Rb2 Rd8 46. Kh2 Re6 47. Nf5 g6 48. Nd4 Ra6 49. Ne2 Ra3 50. Rd2 Re8 51. Nd4 Bb7 52. g4 Rd8 53. Kg3 Ra4 54. Nb3 Rc8 55. Nd4 Rcc4 56. Nb5 Bc6 57. Rd8+ Kg7 58. Nd6 Rc2 59. Rc8 Raa2 60. Bf1 {intending Bc4.} Ra3 {[%csl Gc6][%cal Ra3f3]} 61. Bg2 {[#]} Rxg2+ $1 {[%mdl 512]} 62. Kxg2 Bxf3+ 63. Kf2 Bxg4 64. Rc7 Be6 65. Ne8+ Kh6 66. Nd6 Ra4 {Precision: White = 53%, Black = 79%.} 0-1

[Event "RUS-chT Premier League 2018"]
[Site "Sochi"]
[Date "2018.05.05"]
[Round "5"]
[White "Artemiev, Vladislav"]
[Black "Svidler, Peter"]
[Result "1/2-1/2"]
[WhiteElo "2704"]
[BlackElo "2760"]
[Annotator "TA"]
[PlyCount "99"]
[EventDate "2018.??.??"]
[EventCountry "RUS"]
[SourceTitle "playchess.com"]
[Source "ChessBase"]
[SourceQuality "1"]

{[%evp 22,99,2,4,12,0,7,0,16,-18,-17,-10,43,26,18,18,18,18,24,18,31,18,16,23,29,29,29,23,23,12,23,0,4,2,1,0,0,0,0,0,0,0,0,0,0,0,0,0,0,0,0,0,0,0,0,0,0,0,0,0,0,0,0,0,0,0,0,0,0,0,0,0,0,0,0,0,0,0,0,0]} 1. Nf3 Nf6 2. c4 c5 3. Nc3 Nc6 4. e3 e6 5. d4 d5 6. cxd5 Nxd5 7. Bd3 Be7 8. O-O O-O 9. a3 cxd4 10. exd4 Bf6 11. Be4 Nce7 12. Ne5 {LiveBook: 15 Games. D42: Queen's Gambit Declined: Semi-Tarrasch: 5 cxd5 Nxd5 6 e3 Nc6 7 Bd3} (12. h4 Bd7 13. Ng5 g6 14. h5 Bc6 15. Qg4 Bxg5 16. Bxg5 f5 17. Qh4 fxe4 18. Nxd5 Qxd5 19. Bxe7 Rf7 20. hxg6 hxg6 {½-½ (30) Megaranto,S (2528)-Wang,Y (2699) Ashkhabad 2017}) 12... Nf5 13. Re1 Nde7 14. Be3 {[#]} Nxe3 $146 ({Predecessor:} 14... Ng6 15. Bxf5 exf5 16. Nxg6 hxg6 17. d5 Re8 18. Qd3 Bxc3 19. Qxc3 Bd7 20. Rad1 Rc8 21. Qb4 b6 22. f3 Rc2 {½-½ (22) Berg,K (2389)-Rusev,K (2541) Cappelle-la-Grande 2014}) 15. fxe3 Bxe5 16. dxe5 Qa5 ({Black should play} 16... Bd7 $11) 17. Qd6 Nf5 18. Bxf5 exf5 19. b4 Qd8 20. Rac1 a5 21. Nd5 {And now Nb6 would win.} Be6 22. Nc7 Qxd6 23. exd6 Rad8 24. Red1 axb4 25. axb4 Rd7 $1 26. Nxe6 fxe6 $11 {[%mdl 4096] Endgame KRR-KRR. The position is equal.} 27. Rc7 Rfd8 28. Rxd7 (28. Ra1 {seems wilder.} Rxd6 29. Rxb7 R8d7 30. Rxd7 Rxd7 31. b5) 28... Rxd7 {KR-KR} 29. e4 fxe4 30. Kf2 {aiming for Ke3.} Kf7 31. Ke3 e5 $1 32. Kxe4 Ke6 33. Rd5 Rxd6 34. Rxe5+ Kd7 35. Rh5 Rg6 36. g3 h6 37. Kd5 Rf6 38. Kc5 g5 39. h4 Kc7 40. hxg5 Rf5+ 41. Kc4 {next g4 is good for White.} hxg5 42. Rh7+ Kc6 43. Rh6+ Kc7 44. Rg6 Re5 45. b5 b6 46. Rg7+ Kd6 47. Rb7 Re4+ 48. Kd3 Rg4 {Strongly threatening ...Kc5.} 49. Rxb6+ Kc5 50. Rb8 {Precision: White = 71%, Black = 89%.} 1/2-1/2

[Event "RUS-chT Premier League 2018"]
[Site "Sochi"]
[Date "2018.05.05"]
[Round "5"]
[White "Matlakov, Maxim"]
[Black "Iljin, Artem"]
[Result "1-0"]
[WhiteElo "2704"]
[BlackElo "2528"]
[Annotator "TA"]
[PlyCount "69"]
[EventDate "2018.??.??"]
[EventCountry "RUS"]
[SourceTitle "playchess.com"]
[Source "ChessBase"]
[SourceQuality "1"]

{[%evp 9,69,9,16,15,62,50,74,50,118,94,146,129,145,77,64,19,57,33,51,39,42,39,46,40,70,69,63,33,47,26,47,31,30,20,87,75,78,69,113,79,231,232,249,215,606,359,332,360,360,354,352,343,326,339,308,320,431,433,492,499,571,493]} 1. e4 e5 2. Nf3 Nf6 3. d4 Nxe4 4. dxe5 d5 5. Nbd2 Qd7 6. Nb3 $146 {C43: Petroff Defence: 3 d4} ({Predecessor:} 6. Bd3 Nc5 7. Be2 g6 8. Nb3 Ne6 9. Be3 c5 10. Ng5 b6 11. Nxe6 fxe6 12. a4 Bb7 13. O-O {0-1 (40) Vitiugov,N (2735)-Caruana,F (2784) Karlsruhe/Baden-Baden 2018}) 6... Na6 7. Be2 Nac5 8. Nbd4 {White is better.} g6 (8... Ne6 $14) 9. c4 $16 Bg7 (9... c6 $142) 10. cxd5 Qxd5 {[#]} 11. Qc2 (11. O-O $142 $1) 11... Ne6 12. Nb3 {next Bc4 is good for White.} N4c5 ({Not} 12... Bxe5 $2 13. Qd3 $18) 13. Bc4 Qc6 14. Be3 Nxb3 15. Qxb3 O-O 16. O-O a6 17. Rac1 Qe8 18. Qa3 Bd7 19. Bd5 Rb8 20. Rfd1 Bb5 21. Rd2 Qc8 (21... Rd8 $11 {remains equal.}) 22. Qb4 Re8 23. Qh4 $36 {[%mdl 2048] White is more active.} h5 24. h3 Bf8 $2 (24... c5 $16) 25. g4 {[%cal Bg2g4,Bg4h5][%mdl 32]} Be7 26. Ng5 Kg7 $2 (26... Bc6) 27. gxh5 {[#] Strongly threatening Bxe6.} Nxg5 28. Bxg5 Bxg5 29. Qxg5 {Threatening mate with Qf6+.} Qf5 30. Qxf5 gxf5 31. Rxc7 Rxe5 32. Bxf7 Re1+ 33. Kh2 {White is clearly winning.} Kf6 34. Kg3 Re4 35. f4 {Precision: White = 71%, Black = 30%.} 1-0